Catalogus van goud en zilverwerken, benevens zilveren, loden en bronzen plaquetten (Record no. 2427)

MARC details
000 -CABECERA
campo de control de longitud fija 00718nam a2200229 a 4500
001 - NÚMERO DE CONTROL
campo de control BRCA_2687
005 - FECHA Y HORA DE LA ÚLTIMA TRANSACCIÓN
campo de control 20190320203925.0
008 - DATOS DE LONGITUD FIJA--INFORMACIÓN GENERAL
campo de control de longitud fija 021208s1952----ne-a---###---#000-0#dut-u
050 #4 - SIGNATURA TOPOGRÁFICA DE LA BIBLIOTECA DEL CONGRESO
Número de clasificación NK7154
Número de documento/Ítem .C38 1952
245 10 - MENCIÓN DE TÍTULO
Título Catalogus van goud en zilverwerken, benevens zilveren, loden en bronzen plaquetten
Mención de responsabilidad, etc. Rijksmuseum (Netherlands).
250 ## - MENCIÓN DE EDICIÓN
Mención de edición 2
260 ## - PUBLICACIÓN, DISTRIBUCIÓN, ETC.
Lugar de publicación, distribución, etc. Amsterdam
Nombre del editor, distribuidor, etc. Rijksmuseum
Fecha de publicación, distribución, etc. 1952
300 ## - DESCRIPCIÓN FÍSICA
Extensión xxxiv, 178 p.
Otras características físicas il.
Dimensiones 22 cm.
500 ## - NOTA GENERAL
Nota general Incluye índice onomástico.
500 ## - NOTA GENERAL
Nota general AA43
650 14 - PUNTO DE ACCESO ADICIONAL DE MATERIA--TÉRMINO DE MATERIA
Término de materia o nombre geográfico como elemento de entrada Platería
Subdivisión geográfica Amsterdam
9 (RLIN) 7613
650 14 - PUNTO DE ACCESO ADICIONAL DE MATERIA--TÉRMINO DE MATERIA
Término de materia o nombre geográfico como elemento de entrada Orfebrería
Subdivisión geográfica Amsterdam
9 (RLIN) 7614
650 14 - PUNTO DE ACCESO ADICIONAL DE MATERIA--TÉRMINO DE MATERIA
Término de materia o nombre geográfico como elemento de entrada Galerías y museos
Subdivisión geográfica Holanda
9 (RLIN) 7615
710 2# - PUNTO DE ACCESO ADICIONAL--NOMBRE DE ENTIDAD CORPORATIVA
Nombre de entidad corporativa o nombre de jurisdicción como elemento de entrada Rijks-Museum (Amsterdam)
9 (RLIN) 7616
902 ## - CATALOGADOR
Iniciales GFM
942 ## - ELEMENTOS DE PUNTO DE ACCESO ADICIONAL (KOHA)
Fuente del sistema de clasificación o colocación Library of Congress Classification
Tipo de ítem Koha Libros
Holdings
Estado de retiro Estado de pérdida Estado dañado No para préstamo Localización permanente Ubicación/localización actual Fecha de adquisición Número de inventario Total de préstamos Signatura topográfica completa Código de barras Fecha visto por última vez Precio válido a partir de Tipo de ítem Koha
El ejemplar forma parte de la colección y puede ser consultado según las políticas vigentes.       Biblioteca del Museo Franz Mayer (Rogerio Casas-Alatriste) Biblioteca del Museo Franz Mayer (Rogerio Casas-Alatriste) 02/12/2008 AA43   NK7154 .C38 1952 (AA43) 2684 22/03/2019 22/03/2019 Libros